| 000 | 01716nam0a2200313 i 4500 | ||
|---|---|---|---|
| 001 | RU\NLR\BIBL_A\011335241 | ||
| 005 | 20260407102816.0 | ||
| 010 |
_a9785000240656 _9300 |
||
| 021 |
_aRU _b2017-6504 _9465 |
||
| 035 | _a(NLR Aleph) 011335241 | ||
| 090 |
_a11157559 _c11157559 |
||
| 100 | _a20170228d2016 u y0rusy50 ca | ||
| 101 | 0 | _arus | |
| 102 | _aRU | ||
| 105 | _aa j 000zy | ||
| 200 | 1 |
_aСоциология _eучебное пособие для студентов высших учебных заведений, обучающихся по специальностям "Государственное управление", "Управление персоналом", "Менеджмент", "Социология управления" _fМосковский государственный университет им. М.В. Ломоносова _g[Клементьев Д.С. и др. _gпод редакцией профессора Д.С. Клементьева] |
|
| 210 |
_aМосква _cАргамак-Медиа _d2016 |
||
| 215 |
_a367, [1] с. _cил. _d22 |
||
| 225 | 1 | _aБакалавриат | |
| 320 | _aБиблиогр. в конце гл., параграфов и в подстроч. примеч. | ||
| 606 |
_aСоциология _jУчебные издания для высших учебных заведений _9893563 _3RU\NLR\AUTH\663357 |
||
| 686 | 1 | _aС5я73 | |
| 702 | 1 |
_aКлементьев _bД. С. _f1941- _gДмитрий Сергеевич _4220 |
|
| 712 | 0 | 2 |
_4570 _aМГУ им. М. В. Ломоносова _9357871 _3RU\NLR\AUTH\889931209 |
| 942 | _cBOOK | ||
| 980 | _aNBR | ||